| 000 | 01086nam a22002537a 4500 | ||
|---|---|---|---|
| 005 | 20170124103208.0 | ||
| 010 | _aA-990721 | ||
| 020 |
_c00.00 _a8171242243 |
||
| 035 | _aA-990721 | ||
| 037 | _bCen Lib/Ret | ||
| 040 |
_aDPL _bHN |
||
| 082 |
_a954 _bलल्लन |
||
| 100 |
_aलल्लनजी गोपाल _994742 |
||
| 245 |
_aप्राचीन भारतीय राजनीतिक विचारधारा / _cलल्लनजी गोपाल |
||
| 246 |
_aPrachin bhartiya rajnitik vichardhara / _bby Lallanji Gopal |
||
| 260 |
_aवाराणसी _bविशवविधालय प्रकाशन _c1999 |
||
| 270 |
_aचौक _bवाराणसी _e221001 |
||
| 300 |
_a259पृ. _c21सेमी(सजिल्द) |
||
| 650 |
_aप्राचीन भारतीय-- राजनीति _93552 |
||
| 650 |
_aकल्पसूत्र का काल _992311 |
||
| 650 |
_aAncient India--Politics _994743 |
||
| 650 |
_aPeriods of Kalpasutra _994744 |
||
| 942 |
_2ddc _cHN _h954 _mलल्लन |
||
| 999 |
_c121118 _d121118 |
||